000 nam a22 a 4500
999 _c442211
_d442211
003 BLK
005 20220124110613.0
008 220124b bul|||||r ||||||| ||bul||
010 _aKNG00071218RET
040 _aBLK
041 _aBUL
_cBUL
080 _aБългарска литература
_b821.163.2
_x-1
_z821.163.2-1
100 1 _aРудников, Иван
_eпърви автор
_9117252
139 _aРудников, Иван
245 1 0 _aЗвезди над Копривщица
_bЛирика
_cИван Рудников.
257 _aBGR
260 _aСофия
_bБълг. писател
_c1962
300 _a96 с.
_c21 см
380 _aX
852 _aЦб 23092
_bЦб
856 4 _qpdf
_u
856 4 _qpdf
_u
942 _cKNG
_n0
_2udc
_s1
944 _aCR
_c2022-01-24
_kА.М.